Statistics for PXE Tracklist (Ecco2k)

Click here to take the quiz!

General Stats

  • This quiz has been taken 6 times
  • The average score is 4 of 5

Answer Stats

HintAnswer% Correct
3Jalouse
100%
1PXE
100%
2In The Flesh
83%
5Big Air
67%
4No***'s Song
67%

Score Distribution

Percentile by Number Answered

Percent of People with Each Score

Your Score History

You have not taken this quiz